Countries With a H and R - Statistics

General Stats
  • This quiz has been taken 69 times
  • The average score is 10 of 14
Answer Stats
Answer % Correct
Honduras
91%
Hungary
86%
Marshall Islands
82%
North Korea
82%
South Korea
79%
Bosnia and Herzegovina
74%
Netherlands
72%
South Africa
70%
Czech Republic
68%
D.R. Congo
63%
North Macedonia
61%
Rep. of the Congo
60%
St. Vincent and the Grenadines
49%
Bahrain
44%
No matching quizzes found
Score Distribution
Percent of People with Each Score
Percentile by Number Answered
Your Score History
You have not taken this quiz